| 000 | 01133cam a22003131a 4500 | ||
|---|---|---|---|
| 001 | 016877244 | ||
| 003 | OSt | ||
| 005 | 20150519112819.0 | ||
| 008 | 140918s2014 enkbdo frb 001 0 eng d | ||
| 020 | _a9781138832220 (pbk) | ||
| 020 | _a9780415783002 (hbk) | ||
| 040 |
_aStDuBDS _beng _cStDuBDS _dEG-ScBUE |
||
| 043 | _af-ua--- | ||
| 082 | 0 | 4 |
_a333.720962 _bSOW _222 |
| 100 | 1 |
_aSowers, Jeannie Lynn, _d1967- _938030 |
|
| 245 | 1 | 0 |
_aEnvironmental politics in Egypt : _bactivists, experts and the state / _cJeannie L. Sowers. |
| 260 |
_aAbingdon, England ; _aNew York : _bRoutledge / Taylor & Francis Group, _c2014. |
||
| 300 |
_axiii, 216 p. : _bmaps, chart, photographs ; _c24 cm. |
||
| 490 | 0 |
_aRoutledge studies in Middle Eastern politics ; _v50 |
|
| 500 | _aOriginally published : 2013. | ||
| 500 | _aIndex : p. 209-216. | ||
| 504 | _aBibliography : p. 191-208. | ||
| 650 | 0 |
_aEnvironmentalism _xPolitical aspects _zEgypt. _2BUEsh |
|
| 650 | 0 |
_aEnvironmental protection _xPolitical aspects _zEgypt. _2BUEsh |
|
| 651 | _2BUEsh | ||
| 653 |
_bBUSBOL _cMay2015 |
||
| 655 |
_vreading book _934232 |
||
| 942 |
_2ddc _k333.720962 SOW |
||
| 999 |
_c19373 _d19345 |
||